Primer congreso obrero socialista, celebrado en Montul, Estado de Yucatan : (Record no. 69750)

MARC details
000 -LEADER
fixed length control field 00576cam a2200181 4500
008 - FIXED-LENGTH DATA ELEMENTS--GENERAL INFORMATION
fixed length control field s1977 mx spa
050 00 - LIBRARY OF CONGRESS CALL NUMBER
Classification number JL1298
Item number .56 C64 1977
245 10 - TITLE STATEMENT
Title Primer congreso obrero socialista, celebrado en Montul, Estado de Yucatan :
Remainder of title bases que se discutieron y aprobaron.
250 ## - EDITION STATEMENT
Edition statement 2a ed.
260 ## - PUBLICATION, DISTRIBUTION, ETC. (IMPRINT)
Place of publication, distribution, etc México :
Name of publisher, distributor, etc CEHSMO,
Date of publication, distribution, etc 1977
300 ## - PHYSICAL DESCRIPTION
Extent 117 p. ;
Dimensions 17 cm.
440 #0 - SERIES STATEMENT/ADDED ENTRY--TITLE
Title Cuadernos Obreros ;
Volume number/sequential designation no. 11
650 10 - SUBJECT ADDED ENTRY--TOPICAL TERM
Topical term or geographic name as entry element Socialismo en México
650 20 - SUBJECT ADDED ENTRY--TOPICAL TERM
Topical term or geographic name as entry element Partidos Politicos
Geographic subdivision México
942 ## - ADDED ENTRY ELEMENTS (KOHA)
Source of classification or shelving scheme Biblioteca del Cogreso de los Estados Unidos
Koha item type Libro
Holdings
Estado de pérdida Fuente de clasificación Estado del daño No para préstamo Ubicación permanente Ubicación actual Apartado o colección Fecha de adquisición Área del conocimiento Clasificación Código de Barras Date last seen Número de copia Tipo de recurso
  Biblioteca del Cogreso de los Estados Unidos     Biblioteca del Instituto de Investigaciones Históricas Biblioteca del Instituto de Investigaciones Históricas General 27/11/2018 Ciencias Agropecuarias JL1298.56 C64 1977 IIH000026819 27/11/2018 C:1 Libro